MARC details
| 000 -LEADER |
| fixed length control field |
01034nam a2200241 4500 |
| 003 - CONTROL NUMBER IDENTIFIER |
| control field |
LK-CoMWRAF |
| 005 - DATE AND TIME OF LATEST TRANSACTION |
| control field |
20231211131752.0 |
| 008 - FIXED-LENGTH DATA ELEMENTS--GENERAL INFORMATION |
| fixed length control field |
231203b2004 |||||||| |||| 00| 0 eng d |
| 020 ## - INTERNATIONAL STANDARD BOOK NUMBER |
| International Standard Book Number |
9834240023 |
| 040 ## - CATALOGING SOURCE |
| Original cataloging agency |
LK-CoMWRAF |
| Modifying agency |
LK-CoMWRAF |
| Description conventions |
LK-CoMWRAF |
| 041 ## - LANGUAGE CODE |
| Language code of text/sound track or separate title |
English |
| 082 ## - DEWEY DECIMAL CLASSIFICATION NUMBER |
| Classification number |
305.42 |
| Item number |
SEP |
| 942 ## - ADDED ENTRY ELEMENTS (KOHA) |
| Koha item type |
Books |
| 100 ## - MAIN ENTRY--PERSONAL NAME |
| Personal name |
Sepper, Liz |
| 245 ## - TITLE STATEMENT |
| Title |
Lack of access lack of care : |
| Remainder of title |
a reference guide to women's right to health in the international trading system |
| 260 ## - PUBLICATION, DISTRIBUTION, ETC. (IMPRINT) |
| Place of publication, distribution, etc. |
Kuala Lumpur: |
| Name of publisher, distributor, etc. |
International Women's Rights Action Watch Asia Pacific, |
| Date of publication, distribution, etc. |
2004 |
| 300 ## - PHYSICAL DESCRIPTION |
| Extent |
ii, 64 p. ; 22 cm. |
| Other physical details |
Bibliography and index included |
| 490 ## - SERIES STATEMENT |
| Series statement |
IWRAW Asia Pacific occasional papers series |
| Volume/sequential designation |
No.3 |
| 856 ## - ELECTRONIC LOCATION AND ACCESS |
| Uniform Resource Identifier |
<a href="https://www.iwraw-ap.org/wp-content/uploads/2019/07/OPS_3-Lack-of-Access-Lack-of-Care-A-reference-guide-to-women%E2%80%99s-right-to-health.pdf">https://www.iwraw-ap.org/wp-content/uploads/2019/07/OPS_3-Lack-of-Access-Lack-of-Care-A-reference-guide-to-women%E2%80%99s-right-to-health.pdf</a> |
| 650 ## - SUBJECT ADDED ENTRY--TOPICAL TERM |
| Topical term or geographic name as entry element |
Women Health and hygiene- Sociological aspects |
| 650 ## - SUBJECT ADDED ENTRY--TOPICAL TERM |
| Topical term or geographic name as entry element |
Women's health services- Social aspects -Southeast Asia |
| 650 ## - SUBJECT ADDED ENTRY--TOPICAL TERM |
| Topical term or geographic name as entry element |
Women's rights-Southeast Asia |